Geothermal energy for New Zealand's future /

Saved in:
Bibliographic Details
Corporate Author: New Zealand. Science Information Division
Other Authors: Lawless, J. V.
Format: Book
Language:English
Published: Wellington : New Zealand Dept. of Scientific and Industrial Research, Science Information Division, 1981.
Series:DSIR bulletin ; 229.
Subjects:
LEADER 01183nam a2200301 a 4500
001 c000169751
003 CARM
005 19870202000000.0
008 831125s1981 nz b b f000 0 eng d
019 1 |a 2963086  |5 LACONCORD2021 
020 |a 0477066860 
035 |a (OCoLC)10093254  |5 LACONCORD2021 
040 |a VU  |b eng  |c VU  |d NU 
043 |a n-nz--- 
082 1 4 |a 333.88/09931  |2 19 
245 0 0 |a Geothermal energy for New Zealand's future /  |c J.V. Lawless ... [et al.]. 
260 |a Wellington :  |b New Zealand Dept. of Scientific and Industrial Research, Science Information Division,  |c 1981. 
300 |a 40 p. :  |b maps ;  |c 30 cm. 
490 1 |a DSIR bulletin,  |x 0077-961X ;  |v 229. 
504 |a Bibliography: p. 39-40. 
650 0 |a Geothermal engineering  |z New Zealand. 
650 0 |a Geothermal resources  |z New Zealand. 
700 1 |a Lawless, J. V. 
710 1 |a New Zealand.  |b Science Information Division. 
830 0 |a DSIR bulletin ;  |v 229. 
852 8 |b CARM  |h A3:AD33C0  |i D06743  |p 0235715  |f BK 
999 f f |i 24f1ddae-1163-54bd-9935-a292b757b18f  |s ca44f6d8-d204-5f95-bfb9-42705354d008 
952 f f |p Can circulate  |a CAVAL  |b CAVAL  |c CAVAL  |d CARM 1 Store  |e D06743  |f A3:AD33C0  |h Other scheme  |i book  |m 0235715